000 00446nam a2200181Ia 4500
001 3078
005 20260306144854.0
008 260306t2021||||xx |||||||||||||| ||spa||
041 _aESP
082 _a249.8
_bG77
100 _aGranados Temes, José Miguel
_eAUT
245 0 _aEl evangelio del matrimonio y de la familia
260 _c2021
300 _a277 páginas :
_c21 cm.
650 _aGEN
654 _aCHU
942 _cLIB
_dJUS
_fJUS
_2ddc
_n
999 _c3078
_d3078